डोगरी कहानियां (Record no. 354864)

MARC details
000 -LEADER
fixed length control field 00842nam a2200253Ia 4500
003 - CONTROL NUMBER IDENTIFIER
control field OSt
005 - DATE AND TIME OF LATEST TRANSACTION
control field 20220923222250.0
008 - FIXED-LENGTH DATA ELEMENTS--GENERAL INFORMATION
fixed length control field 220922b |||||||| |||| 00| 0 doi d
037 ## - SOURCE OF ACQUISITION
Terms of availability Textual
040 ## - CATALOGING SOURCE
Original cataloging agency ARTS
Transcribing agency ARTS
Language of cataloging doi
041 ## - LANGUAGE CODE
Source of code doi
Language code of text/sound track or separate title doi
100 ## - MAIN ENTRY--PERSONAL NAME
Personal name शर्मा, मदनमोहन, संपा.
9 (RLIN) 156370
245 #0 - TITLE STATEMENT
Title डोगरी कहानियां
246 ## - VARYING FORM OF TITLE
Title proper/short title Ḍogarī kahāniyāan
260 ## - PUBLICATION, DISTRIBUTION, ETC.
Place of publication, distribution, etc. नई दिल्ली
Name of publisher, distributor, etc. साहित्य अकादमी
Date of publication, distribution, etc. 1977
300 ## - PHYSICAL DESCRIPTION
Extent 144पृ0
Dimensions cm.
650 ## - SUBJECT ADDED ENTRY--TOPICAL TERM
Topical term or geographic name entry element डोगरी साहित्य
942 ## - ADDED ENTRY ELEMENTS (KOHA)
Classification part O1541,3xN3, 152L7
Koha item type Textual
Source of classification or shelving scheme Colon Classification (CC)
Holdings
Withdrawn status Lost status Damaged status Not for loan Home library Current library Date acquired Total Checkouts Full call number Barcode Date last seen Price effective from Koha item type
        Arts Library Arts Library 2022-09-23   O1541,3xN3 152L7 AL0808501 2022-09-23 2022-09-23 Textual
Copyright @ Delhi University Library System